000 00769nas a2200265 4500
001 BR9203734
003 BR-BrBNA
005 20231205095052.0
007 ta
008 230509b bl.|||p| |||| 00| 00por d
040 _aBR-BrBNA
_bpor
_cBiblioteca Nacional de Agricultura
041 _a(Pt)
072 _aL70
100 1 _aRosaski, S.
100 1 _aPippi, N.L.
100 1 _aBarros, C.S.L. de
245 1 _aTecnica de sutura no coto bronquico de caes lobectomizados
650 _aCao
650 _aVeterinaria
650 _aSutura
650 _aMedicamento
773 0 _tRevista do Centro de Ciencias Rurais (Brazil)
_xISSN 0085-5901
_g(Jul-Dec 1984), v. 14(3-4) p. 265-292
_wBR9203734
909 _a202311
_bLúcia
_c55
_dLúcia Elande
942 _2AGRIS
_n0
_cANA
999 _c148547
_d148547